Statistics for Year By Event

Click here to take the quiz!

General Stats

  • This quiz has been taken 43 times
  • The average score is 17 of 28

Answer Stats

EventYear% Correct
Sinking of the Titanic1912
100%
Assassination of Arch Duke Franz Ferdinand1914
100%
Breakup of the USSR1991
100%
Challenger disaster1986
95%
Chernobyl disaster1986
95%
Release of Queen's first album1973
89%
Release of Star Wars: A New Hope1977
84%
Windows 7 release2009
84%
First modern Olympics1896
79%
Death of David Bowie2016
79%
Start of the SARS outbreak in Guangdong, China2002
74%
Assassination of Abraham Lincoln1865
63%
End of the Russian Civil War1922
63%
Discovery of plutonium1940
63%
Completion of the first operational nuclear power plant1954
63%
Dyatlov Pass Incident1959
63%
Trinity Test1945
58%
Tsar Bomba test1961
58%
Tōhoku earthquake and tsunami2011
58%
The Gambia gaining independence1965
53%
Vela Incident/South Atlantic Flash1979
53%
Birth of Winston Churchill1874
47%
Founding of Nintendo1889
42%
Passing of the 1st amendment1791
32%
Establishment of Topeka, Kansas1854
21%
Start of the Hundred Years War1337
11%
Creation of the first computer1822
11%
Invention of the chainsaw1830
11%

Score Distribution

Percentile by Number Answered

Percent of People with Each Score

Your Score History

You have not taken this quiz